00457 2200181 4500001002100000005001500021008004100036020001800077035001900095041000700114082000800121090001400129100001800143245002600161260002700187300001800214650004300232INLIS00000000001629320241224115110241224||||||||| | ||| |||| || |  a979-404-737-6 0010-1224016293 aid0 a634 a634 ACH c0 aAchdi Achmadi00aCARA MERAKIT AQUARIUM aBandungbAngkasac1995 a35hlm;14x21cm 0aPertanian Dan Teknologi Yang Berkaitan